Sistema Venoso - Statistics

Estatísticas Gerais
  • Esse quiz foi jogado 3 vezes
  • A pontuação média é 12 de 52
Estatísticas das Respostas
Vaso Tribuatários % Correto
Cava Superior Veia ázigo
100%
Hemiázigo acessória Brônquicas esquerdas
33%
Veia ilíaca externa Circunflexa ilíaca profunda
33%
Mesentérica superior Cólica direita
33%
Mesentérica superior Cólica média
33%
Mesentérica inferior Cólicas esquerdas
33%
Veia ilíaca externa Epigástrica inferior
33%
Hemiázigo acessória Esofágicas
33%
Tronco espleno-mesentérico Esplénica
33%
Veia Porta Gástrica direita
33%
Veia Porta Gástrica esquerda
33%
Veia esplénica Gástricas curtas
33%
Mesentérica superior Gastro-omental direita
33%
Veia esplénica Gastro-omental esquerda
33%
Veias renais Genitais direitas
33%
Veia ázigo Hemiázigo
33%
Veia ázigo Hemiázigo acessória
33%
Veia Ilíaca comum Ilíaca externa
33%
Veia Ilíaca comum Ilíaca interna
33%
Veia ázigo Intercostais posteriores
33%
Troncos venosos braquiocefálicos Intercostal superior
33%
Veia ázigo Lombar ascendente direita
33%
Hemiázigo(raiz lateral) Lombar ascendente esquerda
33%
Cava Inferior Lombares
33%
Tronco espleno-mesentérico Mesentérica inferior
33%
Veia Porta Mesentérica superior
33%
Mesentérica superior Pancreático-duodenais inferiores
33%
Veia Porta Pancreático-duodenais superiores
33%
Hemiázigo acessória Pericárdicas
33%
Cava Inferior Renais
33%
Veia Ilíaca comum esquerda Sagrada média
33%
Hemiázigo(raiz lateral) Subcostal esquerda
33%
Cava Inferior Supra-renal média direita
33%
Troncos venosos braquiocefálicos Torácicas internas
33%
Cava Superior Troncos venosos braquiocefálicos
33%
Hemiázigo 4 últimas veias intercostais posteriores esquerdas
0%
Troncos venosos braquiocefálicos Cervical profunda
0%
Veia Porta Cística
0%
Cava Inferior Frénicas inferiores
0%
Cava Inferior Hepáticas
0%
Mesentérica superior Ilecólica
0%
Mesentérica superior Jejunais e ileais
0%
Veia esplénica Pancreáticas
0%
Hemiázigo acessória Quarta a oitava intercostais posteriores esquerdas
0%
Mesentérica inferior(origem) Retais superiores
0%
Veias renais Supra-renais inferiores
0%
Veias renais Supra-renais médias esquerdas
0%
Troncos venosos braquiocefálicos Tiroideias inferiores
0%
Troncos venosos braquiocefálicos Tronco das veias intercostais superiores esquerdas
0%
Hemiázigo(raiz medial) Tronco reno-ázigo lombar
0%
Veia ázigo Veias mediastínicas
0%
Troncos venosos braquiocefálicos Veias vertebrais
0%
Nenhum quiz correspondente encontrado
Distribuição das Pontuações
Porcentagem de Pessoas com Cada Pontuação
Percentil de Números Respondidos
Sua Pontuação Histórica
Você não jogou esse quiz